市区町村アナグラムクイズ - Statistics

General Stats
  • This quiz has been taken 8 times
  • The average score is 10 of 15
Answer Stats
アナグラム 答え % Correct
津山市が暇 東松山市
100%
土佐味(み) 美里町/美郷町/三郷市
86%
ハラミ画家か? 各務原市
86%
ワシにか? 川西町/川西市/西川町
86%
ニラ飯 西米良村
71%
王国周知 四国中央市
71%
我が仲 中川町/那珂川町/中川村/那珂川市/神奈川区
71%
宇陀市つ瑞穂 宝達志水町
57%
カナダいて? 田舎館村
57%
わらじ唄 宇治田原町
57%
煤(スス)やから生 那須烏山市
43%
あら、イタチ? 大刀洗町
43%
後シラミ多さ 大網白里市
43%
いつNASAかな 中札内村
43%
高輪 川棚町
43%
No matching quizzes found
Score Distribution
Percent of People with Each Score
Percentile by Number Answered
Your Score History
You have not taken this quiz